000 005240000a22001810004500
003 MACL
005 20160228163814.0
008 160228b xxu||||| |||| 00| 0 eng d
040 _aMACL
_cMACL
041 _aHindi
082 _a800
100 _aप्रेमचंद
_9305
245 _aगॉल्‍सवर्दी के तीन नाटक
260 _bसरस्‍वती प्रेस
_aनई दिल्‍ली
350 _a60
650 _aLiterature
_941437
942 _cHIN
_k800
_2ddc
999 _c28784
_d28784